Stati del G10 - Statistics

Statistiche generali
  • Questo quiz è stato fatto 7 volte
  • Il punteggio medio è 10 su 11
Statistiche sulle risposte
Continente Nazione % Corretto
America del Nord Canada
100%
Europa Francia
100%
Europa Germania
100%
Asia Giappone
100%
Europa Italia
100%
Europa Regno Unito
100%
America del Nord Stati Uniti
100%
Europa Belgio
86%
Europa Paesi Bassi
86%
Europa Svezia
71%
Europa Svizzera
43%
Nessun quiz corrispondente trovato
Distribuzione punteggi
Percentuale di utenti per punteggio
Percentile per numero di risposta
I tuoi punteggi nel tempo
Non hai fatto questo quiz